Geography - F - Statistics

General Stats
  • This quiz has been taken 43 times
  • The average score is 6 of 15
Answer Stats
Hint Answer % Correct
The "Birthplace of the Renaissance". Florence
93%
A city in Germany or Kentucky. Frankfurt
85%
Largest inland city in Alaska. Fairbanks
56%
Former Portuguese-given name for the island of Taiwan. Formosa
51%
Major city in Brazil's Ceará state. Fortaleza
49%
City on the island of Kyushu. Fukuoka
49%
Gulf north of Estonia. Finland
46%
Item traded widely throughout colonial North America. Fur
44%
Dutch province in the northern Netherlands. Friesland
29%
Cultural region in which the above answer lies. Frisia
24%
Iranian province in which ancient Persia originated. Fars
22%
Both the 10th largest and the 10th most populous island in Indonesia. Flores
20%
China's closest province to Taiwan. Fujian
12%
Central Asian valley split between Uzbekistan, Kyrgyzstan & Tajikistan. Ferghana
10%
Western province of Afghanistan. Farah
2%
No matching quizzes found
Score Distribution
Percent of People with Each Score
Percentile by Number Answered
Your Score History
You have not taken this quiz